000 00631nam a2200217Ia 4500
005 20250508154039.0
008 008 250505s9999 xx 000 0 hin d
037 _aBooks to be hide in OPAC
040 _aFEDL
_beng
_cFEDL
041 _ahin
_2hin
084 _a371.2, GAI/O
_qFEDL
100 _aGaind D N
_9759226
245 0 _aShikshak awam madhyamik shikshalaya vyavastha
260 _aAgra, India
_bRam Prasad and Sons
_c1964
300 _a403p
365 _aINR
_b6.25
650 _aEducation - Administration
700 _a Sharma R P
_9764934
942 _cHB
_h371.2, GAI/O
999 _c1347271
_d1347271